| 000 | 00383cam a2200145ua 4500 | ||
|---|---|---|---|
| 041 |
_aeng _h |
||
| 082 |
_a928.2 _bYOU/FO |
||
| 100 | _aYoung, Kenneth . | ||
| 245 |
_aFord madox ford / _cKenneth young. _hTextual Documents |
||
| 260 |
_aCongmans : _bThe British council and the national book league , _c1956. |
||
| 300 | _a43 ; . | ||
| 504 | _a | ||
| 942 | _cBK | ||
| 999 |
_c6261 _d6261 |
||